|
|
|
|
| LEADER |
01177nam a2200289 a 4500 |
| 001 |
31808 |
| 003 |
BD-DhAAL |
| 005 |
20211124125736.0 |
| 008 |
170523s2007 e ||||| |||| 001 0 eng d |
| 999 |
|
|
|c 37986
|d 37986
|
| 020 |
|
|
|a 9780853696667
|
| 040 |
|
|
|a BD-DhAAL
|c BD-DhAAL
|
| 082 |
0 |
4 |
|2 23
|a 615.1076
|
| 245 |
|
|
|a MCQs in clinical pharmacy /
|c edited by Lilian M. Azzopardi.
|
| 260 |
|
|
|a London :
|b Pharmaceutical Press,
|c 2007.
|
| 300 |
|
|
|a xxv, 276 pages ;
|c 24 cm.
|
| 500 |
|
|
|a Includes index.
|
| 526 |
|
|
|a PHR
|
| 541 |
|
|
|e 31808,31809
|
| 650 |
|
4 |
|a Pharmacy
|x Examinations
|9 21641
|
| 650 |
|
4 |
|a Questions
|9 21642
|
| 650 |
|
4 |
|a Pharmacy.
|9 43071
|
| 700 |
1 |
|
|a Azzopardi, Lilian M.
|e edi.
|9 21643
|
| 852 |
|
|
|a Ayesha Abed Library
|c General Stacks
|
| 942 |
|
|
|2 ddc
|c BK
|
| 952 |
|
|
|0 0
|1 0
|2 ddc
|4 0
|6 615_107600000000000_MCQ
|7 0
|9 60692
|a BRACUL
|b BRACUL
|c GEN
|d 2017-05-22
|e Trim Education
|g 1808.00
|l 5
|m 63
|o 615.1076 MCQ
|p 3010031808
|r 2025-04-30
|s 2025-01-12
|t 1
|v 1808.00
|w 2017-05-22
|y BK
|
| 952 |
|
|
|0 0
|1 0
|2 ddc
|4 0
|6 615_107600000000000_MCQ
|7 0
|9 60693
|a BRACUL
|b BRACUL
|c GEN
|d 2017-05-22
|e Trim Education
|g 1808.00
|l 4
|m 52
|o 615.1076 MCQ
|p 3010031809
|r 2024-12-09
|s 2024-06-12
|t 2
|v 1808.00
|w 2017-05-22
|y BK
|